00342 a2200109 4500001001000000005001700010008004100027245007000068100002200138773005500160999001700215ART_4991220260410161729.0260409a 10aEl Código Civil y Comercial y la legalidad sustantiva argentina1 aCaramelo, Gustavo0 tLecciones y ensayosg- Nº 98 (jun. 2017)wREV2658 c17685d17685